Capitals Without the Letters of “Accra” - Statistics

General Stats
  • This quiz has been taken 7 times
  • The average score is 16 of 28
Answer Stats
Continents Capitals % Correct
Europe London
100%
Asia Tokyo
100%
Asia Beijing
83%
Europe Helsinki
83%
Europe Lisbon
83%
Europe Oslo
83%
Africa Tunis
83%
Oceania Wellington
83%
Europe Dublin
67%
North America Kingston
67%
North America Kingstown
67%
Africa Lomé
67%
Asia New Delhi
67%
Asia Bishkek
50%
Africa Djibouti
50%
Europe Kiev
50%
South America Quito
50%
Asia Séoul
50%
Europe Skopje
50%
Africa Windhoek
50%
Europe Minsk
33%
South America Montevideo
33%
Asia Tbilisi
33%
Asia Dili
17%
Africa Lilongwe
17%
Asia Phnom Penh
17%
Asia Thimphu
17%
Europe Vilnius
17%
No matching quizzes found
Score Distribution
Percent of People with Each Score
Percentile by Number Answered
Your Score History
You have not taken this quiz